000 00502nam a22001817a 4500
003 0
005 20231207103030.0
008 231207b xxu||||| |||| 00| 0 eng d
020 _a978-1-4063-3843-0
050 _aTR
_bIam11 2012
082 _aTR
_bIam11 2012
100 _aWillems, Mo
245 _aI am invited to a party
_cMo Willems
260 _aLondon
_bWalker Books Ltd.
_cc2012.
300 _a56 pages :
_bcolored illustrations ;
_c23 cm.
650 _aChildren's stories.
942 _2ddc
_cBK
999 _c365728
_d365728